header

Economics : (Record no. 256516)

MARC details
000 -LEADER
fixed length control field 00751nam a2200241 a 4500
001 - CONTROL NUMBER
control field 518827
003 - CONTROL NUMBER IDENTIFIER
control field OSt
005 - DATE AND TIME OF LATEST TRANSACTION
control field 20170605115336.0
008 - FIXED-LENGTH DATA ELEMENTS--GENERAL INFORMATION
fixed length control field 881013s1988 ohua b 001 0 eng
010 ## - LIBRARY OF CONGRESS CONTROL NUMBER
LC control number 86064028
020 ## - INTERNATIONAL STANDARD BOOK NUMBER
International Standard Book Number 0538088303
Cancelled/invalid ISBN 0538008303 (cover)
040 ## - CATALOGING SOURCE
Original cataloging agency DLC
Transcribing agency DLC
Modifying agency DLC
050 00 - LIBRARY OF CONGRESS CALL NUMBER
Classification number HB171.5
Item number .M475 1988
082 00 - DEWEY DECIMAL CLASSIFICATION NUMBER
Classification number 330
Edition number 19
100 1# - MAIN ENTRY--PERSONAL NAME
Personal name McEachern, William A.
245 10 - TITLE STATEMENT
Title Economics :
Remainder of title a contemporary introduction /
Statement of responsibility, etc William A. McEachern.
260 ## - PUBLICATION, DISTRIBUTION, ETC. (IMPRINT)
Place of publication, distribution, etc Cincinnati :
Name of publisher, distributor, etc South-Western Pub. Co.,
Date of publication, distribution, etc c1988.
300 ## - PHYSICAL DESCRIPTION
Extent xvi, 898 p. :
Other physical details ill. (some col.) ;
Dimensions 27 cm.
504 ## - BIBLIOGRAPHY, ETC. NOTE
Bibliography, etc Includes bibliographical references and index.
650 #0 - SUBJECT ADDED ENTRY--TOPICAL TERM
Topical term or geographic name as entry element Economics.
906 ## - LOCAL DATA ELEMENT F, LDF (RLIN)
a 7
b cbc
c orignew
d 3
e opcn
f 19
g y-gencatlg
942 ## - ADDED ENTRY ELEMENTS (KOHA)
Source of classification or shelving scheme Library of Congress Classification
Koha item type Long Loan Books
Holdings
Withdrawn status Lost status Source of classification or shelving scheme Damaged status Not for loan Collection code Home library Current library Shelving location Date acquired Total Checkouts Full call number Barcode Date last seen Date checked out Price effective from Koha item type
    Library of Congress Classification     Non-fiction Rongo University Library Rongo University Library General Stacks 05/06/2017 1 HB171.5 .M475 1988 201614274 24/11/2025 11/11/2025 05/06/2017 Long Loan Books

© 2026 Rongo University
Contact us: librarian | system librarian | Rongo university